000 00724nam a2200289Ia 4500
005 20260324121000.0
008 008 260324s9999 xx 000 0 eng d
020 _a9781315779164
037 _aEBOOK
040 _aCRL
040 _beng
040 _cCRL
041 _2eng
041 _aeng
084 _qCRL
100 _aJohn Pendlebury; Erdem Erten; Larkham Peter
_91160728
245 0 _aAlternative Visions of Post-War Reconstruction
245 0 _bCreating the modern townscape
260 _bTaylor and Francis
260 _c2014
365 _a
365 _b290
856 _uhttp://www.taylorfrancis.com/books/9781315779164
942 _cEBOOK
999 _c1752556
_d1752556